Rozpoznaj miasta polskie po nazwie lotniska - Statystyki

Ogólne statystyki
  • Ten quiz został rozwiązany 90 razy
  • Średni wynik to 7 z 11
Statystyki odpowiedzi
Nazwa Miasto % Poprawnych
im. Fryderyka Chopina Warszawa
99%
im. Lecha Wałęsy Gdańsk
92%
im. Jana Pawła II Kraków
85%
Pyrzowice Katowice
84%
im. Władysława Reymonta Łódź
65%
im. Henryka Wieniawskiego Poznań
56%
Strachowice Wrocław
55%
Dąbie Szczecin
52%
Kosakowo Gdynia
42%
Krywlany Białystok
25%
Bielany Toruń
12%
Nie znaleziono quizów pasujących do podanych kryteriów
Rozkład punktacji
Procent ludzi z każdym wynikiem
Percentyl według liczby udzielonych odpowiedzi
Twoja historia wyników
Nie rozwiązałeś tego quizu